Základní problémy zvyšování ekonomické efektivnosti investic souhrnná zpráva k tématu 5.2 "Metodologické problémy analýzy, plánování a modelování investic i hodnocení jejich ekonomické efektivnosti" programu...

Uložené v:
Podrobná bibliografia
Médium: Kniha
Jazyk:Czech
Vydavateľské údaje: Praha Výzkumný ústav plánování a řízení národního hospodářství 1982
Edícia:Ekonomická informace č.67
Tagy: Pridať tag
Žiadne tagy, Buďte prvý, kto otaguje tento záznam!

MARC

LEADER 00000nam a2200000 4500
001 c126957
005 20181203150419.7
041 0 |a cze 
044 |a CZ 
245 1 0 |a Základní problémy zvyšování ekonomické efektivnosti investic  |b souhrnná zpráva k tématu 5.2 "Metodologické problémy analýzy, plánování a modelování investic i hodnocení jejich ekonomické efektivnosti" programu... 
264 1 |a Praha  |b Výzkumný ústav plánování a řízení národního hospodářství  |c 1982 
300 |a 41 s. 
490 1 |a Ekonomická informace  |v č.67 
830 0 |a Ekonomická informace  |v č.67